Keluarga Islam kemahiran keibubapaan dan cabaran semasa /

Bibliographic Details
Other Authors: Azrina Sobian
Format: Book
Published: Kuala Lumpur: MPH Group Publishing, 2007.
Subjects:
LEADER 00622cam a2200193 7i4500
001 0000050620
005 20151104090000.0
005 ##20151104164800.0
003 ##MY-KlINT
020 # # |a 10 9833698241  
020 # # |a 139789833698240 (RM29.90)  
039 # 9 |y 201511041648  |z VLOAD 
090 0 0 |a 297.577   |b KEL 
245 0 0 |a Keluarga Islam kemahiran keibubapaan dan cabaran semasa /   |c penyunting Azrina Sobian. 
260 # # |a Kuala Lumpur:   |b MPH Group Publishing,   |c 2007. 
300 # # |a xxii,296ms;   |c 22cm. 
650 # 0 |a Family --   |x Religious aspects --   |x Islam  
650 # 0 |a Parenting --   |x Religious aspects --   |x Islam  
700 0 # |a Azrina Sobian